00479 2200157 4500245006700000020001800067250001000085100002200095005001900117260003300136041001400169084000800183500007900191490004200270336000900312 aEnsiklopedia geografi indonesia VOL.6cFRITZ G.KUMENDONGhText a979-3535-16-4 aCet.1 aFRITZ G.KUMENDONG a20240826121735 aJakartabLENTERA ABADIc2006 aIndonesia a915 aDaftar isi : selayang pandang indonesia, mengenal 33 provinsi di tanah air aEnsiklopedia geografi indonesia VOL.6 atext